|
|
|
|
| LEADER |
00953pam a22002538a 4500 |
| 001 |
00037553 |
| 005 |
20171026081023.0 |
| 008 |
170513s2007 ||||||Viesd |
| 041 |
0 |
# |
|a Vie
|
| 082 |
1 |
4 |
|a 915.97
|b D300T
|
| 100 |
1 |
# |
|a Dương, Văn Sáu
|
| 245 |
1 |
0 |
|a Di tích lịch sử - văn hóa và danh thắng Việt Nam
|b Giáo trình dành cho sinh viên đại học và cao đẳng ngành Du lịch
|c Dương Văn Sáu
|
| 260 |
# |
# |
|a H.
|b Đại học Quốc gia Hà Nội
|c 2007
|
| 300 |
# |
# |
|a 414 r.
|c 24 cm
|
| 500 |
# |
# |
|a ĐTTS ghi: Trường Đại học Văn hóa Hà Nội
|
| 653 |
# |
# |
|a Di tích
|
| 653 |
# |
# |
|a Việt Nam
|
| 653 |
# |
# |
|a Lịch sử
|
| 653 |
# |
# |
|a Du lịch
|
| 852 |
# |
# |
|j KM.0023080
|j KM.0022130
|j KD.0020091
|
| 852 |
# |
# |
|b Kho mượn
|j KM.0023080, KM.0022130
|
| 910 |
|
|
|d 13/05/2017
|
| 980 |
# |
# |
|a Trung tâm Học liệu Lê Vũ Hùng, Trường Đại học Đồng Tháp
|